[Event "Western Province-chT"]
[White "February, Jesse Nikki"]
[Black "Elliott, Mats"]
[Site "Cape Town"]
[Round "2"]
[Result "1-0"]
[Date "2018.08.04"]
[WhiteElo "1933"]
[BlackElo "1752"]
[PlyCount "89"]
[EventDate "2018.08.04"]
[EventType "team-tourn"]
[EventRounds "11"]
[EventCountry "RSA"]
[SourceTitle "EXT 2020"]
[Source "ChessBase"]
[SourceDate "2019.10.17"]
[SourceVersion "1"]
[SourceVersionDate "2019.10.17"]
[SourceQuality "1"]
[WhiteTeam "MRL"]
[BlackTeam "Cape Town Univ"]
[WhiteTeamCountry "RSA"]
[BlackTeamCountry "RSA"]

1. e4 c5 2. Nf3 Nc6 3. Bb5 d6 4. 0-0 Bd7 5. Re1 Nf6 6. c3 a6 7. Bf1 g6 8. d4 Bg7 9. h3 0-0 10. e5 dxe5 11. dxe5 Ne8 12. Bf4 Nc7 13. Qd2 Bf5 14. g4 Bxb1 15. Raxb1 Ne6 16. Rbd1 Qa5 17. Bc4 Rad8 18. Qe3 Nxf4 19. Qxf4 e6 20. Rxd8 Qxd8 21. Bb3 Qc7 22. h4 b5 23. h5 c4 24. Bc2 Rd8 25. Kg2 Rd5 26. hxg6 hxg6 27. Be4 Bxe5 28. Qg5 Bxc3 29. Bxd5 Bxe1 30. Bxe6 Bb4 31. Qxg6+ Kf8 32. Qh6+ Ke8 33. Bxf7+ Qxf7 34. Qxc6+ Qd7 35. Qa8+ Ke7 36. Ne5 Qd6 37. Qe4 Kf8 38. g5 c3 39. bxc3 Bxc3 40. Qf3+ Ke8 41. Qxc3 Qd5+ 42. Nf3 Qxa2 43. g6 Qe6 44. Qh8+ Ke7 45. Qg7+ 1-0